Neues system der geologie
| מחבר ראשי: | |
|---|---|
| סיכום: | Текст напечатан готическим шрифтом На дом не выдается Раздельная пагинация страниц Not_Home |
| שפה: | גרמנית |
| יצא לאור: |
Weimar, Im Ferlage des Großh. Sächs. priv. Landes-Industrie-Comptoirs, 1830
|
| מהדורה: | Aus dem englischen übersetz |
| נושאים: | |
| פורמט: | MixedMaterials ספר |
| KOHA link: | https://koha.lib.tpu.ru/cgi-bin/koha/opac-detail.pl?biblionumber=306467 |
MARC
| LEADER | 00000nam0a2200000 4500 | ||
|---|---|---|---|
| 001 | 306467 | ||
| 005 | 20231102001910.0 | ||
| 035 | |a (RuTPU)RU\TPU\book\331744 | ||
| 090 | |a 306467 | ||
| 100 | |a 20151007d1830 k y0gery50 ba | ||
| 101 | 1 | |a ger |c eng | |
| 102 | |a DE | ||
| 105 | |a a z 000zy | ||
| 140 | |a a bzz yyybz1000 | ||
| 141 | |5 63413507 |a f b0cc | ||
| 200 | 1 | |a Neues system der geologie |f von Andrew Ure, m. d. | |
| 205 | |a Aus dem englischen übersetz | ||
| 210 | |a Weimar |c Im Ferlage des Großh. Sächs. priv. Landes-Industrie-Comptoirs |d 1830 | ||
| 215 | |a XIV, 626, [4] s. |c mit 17 lithografirten tafelhn | ||
| 300 | |a Текст напечатан готическим шрифтом | ||
| 300 | |a На дом не выдается | ||
| 300 | |a Раздельная пагинация страниц | ||
| 316 | |5 63413507: 20//31 |a На форзаце экслибрис Библиотеки ТТИ | ||
| 316 | |5 63413507: 20//31 |a На титульном листе надпись: "По счету Н. М. Таскиной от" | ||
| 317 | |5 63413507: 20//31 |a Поступил в НТБ в 1903/1905 гг. в дар по счету Н. М. Таскиной | ||
| 371 | 0 | |a Not_Home | |
| 606 | 1 | |a Геология |2 stltpush |3 (RuTPU)RU\TPU\subj\6095 |9 34054 | |
| 610 | 1 | |a Земля | |
| 610 | 1 | |a строение | |
| 610 | 1 | |a минералы | |
| 610 | 1 | |a горные породы | |
| 610 | 1 | |a историческая геология | |
| 610 | 1 | |a Коллекция Таскиных | |
| 610 | 1 | |a книжные памятники | |
| 610 | 1 | |a немецкий язык | |
| 610 | 1 | |a владельческие знаки | |
| 610 | 1 | |a дары библиотеке | |
| 675 | |a 55 |v 4 | ||
| 700 | 1 | |a Ure |b A. |c английский химик и экономист |c профессор химии и натурфилософии университета в Глазго |f 1778-1857 |g Andrew | |
| 801 | 1 | |a RU |b 63413507 |c 20151007 | |
| 801 | 2 | |a RU |b 63413507 |c 20210624 |g RCR | |
| 942 | |c BK | ||